000 00838cam a22001694a 4500
005 20250605163659.0
008 250528s ||||||||||||||||||||||||d
035 _a24195
040 _aGR-AtMCL
_bgre
_dGR-AtMCL
_eAACR2
245 1 _aΒοηθώντας τις Περιφέρειες της Ευρώπης
260 _bΕπιτροπή Των Ευρωπαϊκών Κοινοτήτων,
_c1992
300 _a6
520 _aΟι Προκλήσεις, Πρωτοβουλίες των Περιφερειών της Ευρώπης, Κοινοτικές Πολιτικές, Περιφέρειες και Στόχοι, Οι Τρεις Αρχές, Διαδικασίες Χρηματοδότησης, Χρηματοδότηση, Άλλες Δραστηριότητες.
942 _cCR
999 _c9090
_d9090